Name A Largest City A-Z - Statistics

General Stats
  • This quiz has been taken 87 times
  • The average score is 18 of 25
Answer Stats
Letter City(s) % Correct
B Buenos Aires | Baku | Bridgetown | Brussels | Belize City | Bandar Seri Begawan | Bujumbura | Bangui | Bogota | Brazzaville | Bata | Berlin | Bissau | Budapest | Baghdad | Betio | Bishkek | Beirut | Bamako | Bucharest | Basseterre | Belgrade | Bratislava | Bangkok
94%
M Manama | Minsk | Moroni | Manzini | Mumbai | Maseru | Monrovia | Male | Mexico City | Monaco | Maputo | Managua | Muscat | Moscow | Mogadishu | Madrid | Montevideo
93%
S St. John's | Sydney | St. George's | Santa Cruz De La Sierra | Sarajevo | Sao Paulo | Sofia | Santiago | Shanghai | San Jose | Santo Domingo | San Salvador | Serekunda | Seoul | Schaan | Skopje | Sao Tome | Singapore | Stockholm | Sana'a
93%
N Nassau | N'Djamena | Nicosia | Nasinu | Nairobi | Nouakchott | Niamey | Nuku'Alofa | New York City
91%
T Tirana | Thimphu | Toronto | Tallinn | Tbilisi | Tegucigalpa | Tehran | Tokyo | Tripoli | Taipei | Tunis | Tashkent
91%
P Phnom Penh | Praia | Prague | Paris | Port-Au-Prince | Pyongyang | Pristina | Port Louis | Podgorica | Panama City | Port Moresby | Paramaribo | Port Vila
90%
A Algiers | Andorra La Vella | Abidjan | Asmara | Addis Ababa | Accra | Athens | Amman | Almaty | Antananarivo | Amsterdam | Auckland | Asuncion | Apia | Ashgabat
87%
D Dhaka | Douala | Djibouti | Dili | Dublin | Doha | Dogana | Dakar | Damascus | Dushanbe | Dar Es Salaam | Dubai
86%
C Cotonou | Copenhagen | Cairo | Conakry | Chisinau | Casablanca | Castries | Colombo | Chaguanas | Caracas
84%
L Luanda | Libreville | Luxembourg City | Lilongwe | Lagos | Lima | Lisbon | Ljubljana | Lome | London | Lusaka
84%
J Jakarta | Jerusalem | Johannesburg | Juba
81%
K Kabul | Kinshasa | Kingston | Kuwait City | Kuala Lumpur | Kathmandu | Karachi | Koror | Kigali | Kingstown | Khartoum | Kampala | Kiev
81%
H Havana | Helsinki | Honiara | Ho Chi Minh City | Harare
77%
V Vienna | Vientiane | Vilnius | Valletta | Victoria | Vatican City
76%
Z Zagreb | Zurich
73%
R Roseau | Reykjavik | Rome | Riga | Riyadh
71%
U Ulaanbaatar
63%
W Weno | Windhoek | Warsaw
63%
G Gaborone | Guayaquil | Guatemala City | Georgetown
60%
Y Yerevan | Yangon | Yaren
59%
O Ouagadougou | Oslo
57%
I Istanbul
46%
F Freetown | Funafuti
39%
Q Quezon City
13%
E Ebeye
0%
No matching quizzes found
Score Distribution
Percent of People with Each Score
Percentile by Number Answered
Your Score History
You have not taken this quiz